00588nam a2200157 a 450000100100000000500170001000800410002702000180006804000250008624501810011125000120029226000420030430000330034649000210037950400300040000004059520201002034235.0130902s2011 sp 001 0 spa d a9788420542249 aDO-SdBNPbspacBNPHU10aHistoria de la psicología /cThomas Hardy Leahey ; traducción Aurora Suengas Goenechea ; revisión técnica María del Mar Bernal Rivas, María José Sampedro Vizcaya. a6a. ed. aMadrid :bPearson Educación,c2011. aXVI, 493 p. :bil. ;c27 cm.1 aIncluye índice aBibliografía: p.455-484